Normal view
MARC view
- Law, Pakistan movement
Entry Topical Term
001 - CONTROL NUMBER
- control field: 128457
003 - CONTROL NUMBER IDENTIFIER
- control field: NUST
005 - DATE AND TIME OF LATEST TRANSACTION
- control field: 20250318141907.0
008 - FIXED-LENGTH DATA ELEMENTS
- fixed length control field: 250318|| aca||aabn | a|a d
040 ## - CATALOGING SOURCE
- Original cataloging agency: NUST
- Transcribing agency: NUST
150 ## - HEADING--TOPICAL TERM
- Topical term or geographic name entry element: Law, Pakistan movement
670 ## - SOURCE DATA FOUND
- Source citation: Work cat.: (NUST)0: Nanda, B. R. (Bal Ram), 1917-2010. 128456, Road to Pakistan :, 2014.
